La escuela uberizada : la organización escolar en el capitalismo de plataformas /
Bewaard in:
| Hoofdauteur: | |
|---|---|
| Formaat: | Elektronisch E-boek |
| Taal: | Spaans |
| Gepubliceerd in: |
Barcelona :
Editorial Calambur,
2024.
|
| Editie: | Primera edición. |
| Reeks: | Paideia (Valencia, Spain) ;
5. |
| Onderwerpen: | |
| Online toegang: | Digitalia Hispánica |
| Tags: |
Voeg label toe
Geen labels, Wees de eerste die dit record labelt!
|
MARC
| LEADER | 00000nam a2200000Ii 4500 | ||
|---|---|---|---|
| 001 | DIGCALAM311 | ||
| 003 | NyNyDIG | ||
| 006 | m o d | ||
| 007 | cr ||||||||||| | ||
| 008 | 250414s2024 sp a ob 000 0 spa d | ||
| 035 | |a (OCoLC)1517264014 | ||
| 040 | |a DGITA |b eng |e rda |e pn |c DGITA | ||
| 020 | |z 9788483595954 | ||
| 050 | 1 | 4 | |a LB125 ebook |
| 100 | 1 | |a Pardo Baldoví, María Isabel, |e author. | |
| 245 | 1 | 3 | |a La escuela uberizada : |b la organización escolar en el capitalismo de plataformas / |c María Isabel Pardo Baldoví. |
| 250 | |a Primera edición. | ||
| 264 | 1 | |a Barcelona : |b Editorial Calambur, |c 2024. | |
| 300 | |a 1 online resource : |b illustrations. | ||
| 336 | |a text |b txt |2 rdacontent | ||
| 337 | |a computer |b c |2 rdamedia | ||
| 338 | |a online resource |b cr |2 rdacarrier | ||
| 347 | |a text file |2 rdaft | ||
| 347 | |b PDF | ||
| 490 | 1 | |a Paideia ; |v 5 | |
| 504 | |a Includes bibliographical references. | ||
| 588 | 0 | |a Online resource; title from PDF title page (Digitalia, viewed April 14, 2025) | |
| 650 | 0 | |a Education |x Philosophy. | |
| 650 | 0 | |a Educational technology. | |
| 776 | 0 | 8 | |i Print version: |a Pardo Baldoví, María Isabel. |t Escuela uberizada. |b Primera edición. |d Barcelona : Editorial Calambur, 2024 |z 9788483595954 |
| 791 | 2 | |a Digitalia (Firm), |e distributor. | |
| 793 | 0 | |g Digitalia eBook Collection: |a Editorial Calambur | |
| 830 | 0 | |a Paideia (Valencia, Spain) ; |v 5. | |
| 856 | 4 | 0 | |3 Digitalia Hispánica |u https://digitalia.unach.elogim.com/a/171370/ |
| 910 | |a Premium collection: 2025 | ||